| 000 | 00000nam 2200000za 4500 |
| 001 | 9.840310 |
| 003 | CaOODSP |
| 005 | 20221107151818 |
| 007 | cr ||||||||||| |
| 008 | 170725s2016 onc |o f|0| 0 fre d |
| 040 | |aCaOODSP|bfre |
| 043 | |an-cn--- |
| 086 | 1 |aT86-32/2016F-PDF |
| 245 | 00|aIndications de danger |h[ressource électronique]. |
| 260 | |a[Ottawa] : |bTransports Canada, |c[2016]. |
| 300 | |a[2] p. |
| 500 | |aPubl. aussi en anglais sous le titre : The marks of safety. |
| 500 | |aTitre de départ. |
| 692 | 07|2gccst|aTransport des matières dangereuses |
| 710 | 1 |aCanada. |bTransports Canada. |
| 775 | 08|tThe marks of safety |w(CaOODSP)9.840309 |
| 856 | 40|qPDF|s1.11 Mo|uhttps://publications.gc.ca/collections/collection_2017/tc/T86-32-2016-fra.pdf |
| 986 | |aTP11504F 12/2014 |